000 00631nam a2200181Ia 4500
008 100921s9999 xx 000 0 und d
082 _b11747
_a891.462 थ 73
100 _aकिर्लोस्कर अण्णासाहेब.
245 _aसंगीत सौभद्र.
260 _bबलवंत पुस्तक भांडार,मुंबई.
_c1973
300 _a95
_b---
365 _b3
520 _aललित-नाटके.
630 _aसंगीत सौभद्र.
650 _aललित-नाटके.
730 _aसंगीत सौभद्र.
942 _cBOOK
999 _c760860
_d760857